00570nam a2200169Ia 4500008004100000020001500041041001200056082001600068100001900084245006200103260002500165300000800190650000800198942000700206999001500213952017200228221030s9999 xx 000 0 und d a0070473552 aEnglish a105.23bKha aR. S. Khandpur 0aHandbook of Biomedical Instrumentationcby R. S. Khandpur bTMHaNew Delhic2003 a924 aECE cBK c3539d3539 pBE 7208g475.00l0o105.23 Khar2024-06-13 00:00:00w2022-10-30yBK003Print4070aMIETLIBbMIETLIBcBL-Academic Block C, FL-2, CUP-159, SH-2, R-2d2003-10-1410HBE